00485nam a2200181 a 4500001001300000003000900013005001700022008004100039020002200080082001300102100001600115245004200131260004600173300000900219500003500228650002400263700001600287nice12345678IN_TiNIC20260116014724.0131226s2006 pana grp 000 0 eng  a9788170588559c5000a922bAUR aAurobindo,  aSri Aurobindob The Story of His Life aPandicherry bSri Aurobindo Ashram c2006 a99p  aincludes index and biblioraphy aAurobindo-Biography1 aAurobindo,